00601nam a2200169Ia 4500003000400000005001700004008004000021020001800061040000700079041000800086082001600094100002500110110005300135245019300188260004200381300000800423OSt20250206134631.0210210b2016 xxu||||| |||| 00| 0 eng d a9789383171194 cAL ahin aH891.8 TRIV aTRIPATI (Anandmani): bत्रिपाठी (आनंदमणि) aVartman hindi patrkarita: chunautiya evam sambhavnaye:bवर्तमान हिंदी पत्रकारिता चुनौतियां एवं संभावनाए  aKanpurbPuja Pustaka Bhandara.,c2016 a120